Linux Distros - Statistics

General Stats
  • This quiz has been taken 231 times
  • The average score is 6 of 26
Answer Stats
Hint Answer % Correct
popular Ubuntu
97%
difficult Arch
90%
popular Mint
73%
hackers Kali
70%
killed CentOS Red Hat
63%
popular Fedora
61%
popular Manjaro
30%
cool kUbuntu
29%
I use it xUbuntu
23%
decent lUbuntu
19%
popular SUSE
16%
popular Zorin
14%
popular Elementary
10%
privacy violations, closed source Red Star
10%
cool Alpine
7%
cool GNU
5%
terrible AmogOS
3%
racist Apartheid
3%
Justin Bieber Biebian
2%
cool devuan
2%
satanic Ubuntu Satanic
2%
inappropriate LinuXXX
1%
I use it Ubuntu MATE
1%
cool AOSC
0%
racist Linux for *******
0%
dead Robolinux
0%
No matching quizzes found
Score Distribution
Percent of People with Each Score
Percentile by Number Answered
Your Score History
You have not taken this quiz